Chile y la guerra de secesión: la misión Astaburuaga en los Estados Unidos
Tallennettuna:
| Päätekijä: | |
|---|---|
| Aineistotyyppi: | Kirja |
| Kieli: | espanja |
| Julkaistu: |
Santiago, Chile
Universitaria
1992
|
| Sarja: | Colección Estudios Internacionales
|
| Aiheet: | |
| Tagit: |
Lisää tagi
Ei tageja, Lisää ensimmäinen tagi!
|
MARC
| LEADER | 00000nam a2200000 a 4500 | ||
|---|---|---|---|
| 001 | UCY0955 | ||
| 003 | CL-VaPUC | ||
| 005 | 20210604001545.0 | ||
| 008 | 940818e19920000CL |||||||||||||||||spa|d | ||
| 999 | |c 229820 |d 229818 | ||
| 040 | |c Pontificia Universidad Católica de Valparaíso | ||
| 082 | 0 | 4 | |a 327.83073 BAR 1992 |2 21 |
| 100 | 0 | |a Barros Van Buren, Mario |e autor |9 328831 | |
| 245 | 1 | 0 | |a Chile y la guerra de secesión: |b la misión Astaburuaga en los Estados Unidos |
| 260 | |a Santiago, Chile |b Universitaria |c 1992 | ||
| 300 | |a 225 páginas | ||
| 490 | 0 | |a Colección Estudios Internacionales | |
| 583 | |a last modification |c 19940818 00:00:00 |k Rodrigo Vera | ||
| 600 | 0 | 7 | |a Astaburuaga Cienfuegos, Francisco Solana |2 CL-VaPUC |9 328832 |
| 650 | 0 | |a Historia |x Relaciones internacionales |z Estados Unidos |9 255047 | |
| 650 | 7 | |a Guerra de Secesión |2 CL-VaPUC |9 328833 |y 1861-1865 |z Estados Unidos | |
| 852 | |a BIBCUR | ||
| 942 | |c BK |2 ddc | ||
| 945 | |d 19940818 00:00:00 |a oaravena | ||
| 952 | |0 0 |1 0 |2 ddc |4 0 |6 327_830730000000000_BAR_1992 |7 0 |8 A |9 231496 |a BIBHIS |b BIBHIS |d 2019-11-15 |i 3008363 |o 327.83073 BAR 1992 |p 3008363 |r 2025-01-20 |t 1 |w 2019-11-15 |y BK |k HIS | ||